| 000 | 00548nam a2200181Ia 4500 | ||
|---|---|---|---|
| 008 | 090711s9999 xx 000 0 und d | ||
| 082 | _b78416 | ||
| 100 | _aिGतासी अॅगाथा | ||
| 245 | _aमgत्युSो सावट | ||
| 260 | _c1996 | ||
| 300 | _a184 | ||
| 600 | _aिGतासी अॅगाथा | ||
| 630 | _aमgत्युSो सावट | ||
| 700 | _aिGतासी अॅगाथा | ||
| 700 | _aभावे अपर्णा | ||
| 730 | _aमgत्युSो सावट | ||
| 942 | _cBOOK | ||
| 999 |
_c302601 _d302601 |
||